| 000 | 01089nam a22003734a 4500 | ||
|---|---|---|---|
| 001 | UByD003478 | ||
| 003 | AR-LpoUNG | ||
| 005 | 20241213141101.0 | ||
| 008 | 241213s2024 ag 000 e spa d | ||
| 020 | _a9789876307406 | ||
| 040 |
_aAR-LpoUNG _bspa _cAR-LpoUNG _eaacr |
||
| 041 | 0 | _aspa | |
| 082 | 0 | _a982.024 289mil | |
| 100 | 1 | _aRebagliati, Lucas | |
| 245 | 1 | 0 |
_a1776 : _bguerras, reformas y revoluciones |
| 246 | 3 | 0 |
_aMil setecientos setenta y seis : _bguerras, reformas y revoluciones |
| 250 | _a1ra. ed. | ||
| 260 |
_aBuenos Aires : _bUniversidad Nacional de General Sarmiento, _c2024. |
||
| 300 | _a213 p. | ||
| 490 | 0 |
_aHumanidades. AƱos cruciales ; _vnro. 2 |
|
| 650 | 4 | _aANALISIS HISTORICO | |
| 650 | 4 | _aHISTORIA ARGENTINA | |
| 650 | 4 | _aHISTORIA POLITICA | |
| 650 | 4 | _aHISTORIA SOCIAL | |
| 650 | 4 | _aCOLONIALISMO | |
| 650 | 4 | _aCONDICIONES ECONOMICAS | |
| 650 | 4 | _aFACTORES CULTURALES | |
| 650 | 4 | _aGUERRA CIVIL | |
| 650 | 4 | _aCONFLICTO POLITICO | |
| 650 | 4 | _aPROBLEMAS SOCIALES | |
| 650 | 4 | _aREVOLUCION | |
| 651 | 4 | _aARGENTINA | |
| 942 |
_2ddc _cLIB |
||
| 999 |
_c66161 _d66161 |
||